'A' Logos Quiz Stats

Quiz Updated Jan 18, 2018

Also try: 'F' Logos
Challenge
Share
Tweet
Score 0/20 Timer 05:00
2 Plays Today
% Correct
Audi
97.2%
Amazon
93.9%
Adidas
91.1%
Android
79.3%
Atari
73.7%
Arby's
73.4%
Los Angeles Angels
66%
Applebee's
65.6%
Asics
64.2%
Adobe
59.1%
% Correct
Arsenal
51.7%
Colorado Avalanche
51.6%
Houston Astros
49.8%
Aston Martin
49.6%
Alfa Romeo
44.4%
Armani
41.6%
Anheuser-Busch
40.4%
Abercrombie & Fitch
30.7%
Aquafina
27.9%
Amnesty International
24.7%

You're not logged in!

Compare scores with friends on all Sporcle quizzes.
Join for Free
OR
Log In

You Might Also Like...

Show Comments

Extras

Top Quizzes Today


Score Distribution

Your Account Isn't Verified!

In order to create a playlist on Sporcle, you need to verify the email address you used during registration. Go to your Sporcle Settings to finish the process.

Report this User

Report this user for behavior that violates our Community Guidelines.

Details: